000 00968nam a2200301 i 4500
003 EG-GICUC
005 20260415074632.0
008 260415s1962 it |||fr|||| 001 0 ita d
040 _aEG-GiCUC
_bita
_cEG-GiCUC
_dEG-GiCUC
_erda
082 0 4 _221
_a343.314
_bPO . L
092 0 4 _221
099 _aLaw1 10 343.314 PO . L 1962
100 1 _aPozzo, Carlo Umberto del
245 1 3 _aLa Liberta Personale /
_bNel processo penale italiano /
_cCarlo Umberto del Pozzo.
264 1 _aTorino :
_bUnione tipografico- editaice torinese,
_c1962.
300 _a703 pages ;
_c24 cm
336 _2rda content
_atext
337 _2rda media
_aComputer
338 _2rda carrier
_aOnline Resource
500 _ainclude index
546 _a Text in Italian
650 1 4 _aSubjectivity of criminal procedures
_2qrmak
650 1 4 _aCriminal law
651 1 _2qrmak
856 4 0 _uhttps://fll.law.cu.edu.eg/fulltext/bks/B10-09517.pdf
905 _a161
942 _2ddc
_cBK
_e21
_n0
999 _c70988
_d70988